Bir “hürriyet” hikayesi : (Record no. 14989)

MARC details
000 -BAŞLIK
Sabit Uzunlukta Kontrol Alanı 01055nam a22002657a 4500
999 ## - SİSTEM KONTROL NUMARALARI (KOHA)
Koha Biblionumber 14989
Koha Biblioitemnumber 14989
003 - KONTROL NUMARASI IDENTIFIER
Denetim Alanı MIRAKIL
005 - SON İŞLEM TARİHİ VE ZAMANI
Denetim Alanı 20220907170802.0
008 - SABİT-BOY VERİ ELEMANLARI - GENEL BİLGİLER
Sabit Uzunlukta Kontrol Alanı 220907b tu ||||| |||| 00| 0 tur d
020 ## - ULUSLARARASI STANDART KİTAP NUMARASI
Uluslararası Standart Kitap Numarası 9789750530128
040 ## - KATALOGLAMA KAYNAK
Orijinal Kataloglama Ajansı TR-AnCHP
Metne Dönüştürmek Ajansı TR-AnCHP
041 ## - DİL KODU
Metin / Ses Parça Veya Ayrı Başlığın Dil Kodu Tur
082 ## - DEWEY ONLU SINIFLANDIRMA NUMARASI
Sınıflandırma Numarası 324.2561
Ürün Numarası G96b 2020
100 ## - ANA GİRİŞ - KİŞİSEL İSİM
Kişisel Ad Günay, Ertuğrul
245 10 - BAŞLIK TABLOSU
Başlık Bir “hürriyet” hikayesi :
Başlığın Kalan çok-partili dönemde özgürlükçü bir siyaset girişimi (1955-1958) /
Sorumluluk Tablosu, Vb Ertuğrul Günay.
246 ## - UNVAN FORM VARYING
Başlık Doğru / Kısa Başlığı çok-partili dönemde özgürlükçü bir siyaset girişimi (1955-1958)
260 ## - YAYIN, DAĞITIM, VB
Yayın, Dağıtım, Vb Yeri İstanbul :
Yayıncı, Dağıtıcı, Vs Adı İletişim Yayınları,
Yayın, Dağıtım, Vb Tarihi 2020.
300 ## - FİZİKSEL TANIM
Kapsam 248 s.:
Boyutlar 19 sm.
490 0# - SERİSİ TABLOSU
Seri Beyanı İletişim Yayınları ;
-- Araştırma-inceleme dizisi ;
Hacim / Ardışık Tanımı 2955.
-- 481.
504 ## - KAYNAKÇA VB NOT
Kaynakça Vb Notu Kaynakça vardır.
650 #0 - KONU KATMA GİRİŞ - TOPİKAL DÖNEM
9 (RLIN) 9
Topikal Süreli Veya Coğrafi Ad Giriş Elemanı Siyaset ve yönetim
Genel Alt Bölümü Tarih
Coğrafi Alt Bölümü Türkiye
650 #0 - KONU KATMA GİRİŞ - TOPİKAL DÖNEM
9 (RLIN) 9
Topikal Süreli Veya Coğrafi Ad Giriş Elemanı Siyaset ve yönetim
Genel Alt Bölümü çok partili dönem
Coğrafi Alt Bölümü Türkiye
650 #0 - KONU KATMA GİRİŞ - TOPİKAL DÖNEM
9 (RLIN) 804
Topikal Süreli Veya Coğrafi Ad Giriş Elemanı Siyasi partiler
Genel Alt Bölümü Hürriyet partisi
740 ## - KATMA GİRİŞ - KONTROLSUZ İLGİLİ / ANALİTİK BAŞLIK
Kontrol Edilmeyen / İlgili Analitik Başlıktaki çok-partili dönemde özgürlükçü bir siyaset girişimi (1955-1958)
942 ## - EKLENDİ GİRİŞ ELEMANLARI (KOHA)
Sınıflandırma Veya Raf Düzeni Kaynak Dewey Decimal Classification
Koha Öğesi Türü Books
Holdings
Kalıcı Konum Mevcut Konum Edinme Tarihi Toplam Check-Out'Lar Tam Çağrı Numarası Barkod Tarih Son Görülme İtibaren Geçerli Fiyatlar Koha Öğesi Türü
CHP Kütüphanesi CHP Kütüphanesi 09/07/2022   324.2561 G96b 2020 020524 09/07/2022 09/07/2022 Books